Générique Lucile, amour et rock'n'roll - Paroles - Statistiques

Statistiques générales
  • Ce quiz a été pris 58 fois
  • Le résultat moyen est 20 sur 25
Statistiques - réponses
Paroles % Correct
Partout, au soleil, sous la {pluie}
98%
Oh Lucile, {embrasse}-moi
95%
Oh Lucile, {embrasse}-moi
95%
Lucile, {embrasse}-moi
93%
Lucile, {embrasse}-moi
93%
Lucile, {embrasse}-moi
93%
Oh Lucile, {embrasse}-moi
93%
Oh Lucile, {embrasse}-moi
93%
Les grands yeux de {Lucile}
91%
Oh Lucile, {embrasse}-moi
91%
Oh Lucile, {embrasse}-moi
91%
On a passé l'{âge}
84%
On a passé l'{âge}
84%
C'est assez d'{espérer}
82%
C'est assez d'{espérer}
82%
Des {enfantillages}
82%
Des {enfantillages}
80%
C'est assez de {rêver}
75%
C'est assez de {rêver}
73%
Pour un mot, pour un {sourire}
61%
Et la {rue} un instant
59%
Partout les garçons se {bousculent}
59%
Prend un air de {folie}
59%
Quand ils voient s'{avancer}
57%
Ils parlent, ils rient {derrière} toi
48%
Aucun quiz correspondant
Distribution des résultats
% des personnes avec chaque résultat
Percentile par nombre de réponses
Votre historique - résultats
Vous n’avez pas pris ce quiz